000 00352nam a2200145Ia 4500
008 150201s2003 xx 000 0 und d
082 _a611
_bA2003S
100 _aROSENSTEIL
245 _aANATOMY FOR DENTAL STUDENTS
250 _a2ND
260 _bJAYPEE MEDICAL PUBLISHER
_aDELHI
_c2003
300 _a1-325
650 _aANATOMY
942 _2ddc
_cBK
_05
999 _c3533
_d3533